<?xml version="1.0" encoding="UTF-8"?>
<collection xmlns="http://www.loc.gov/MARC21/slim">
  <record>
    <leader>00000nam  2200000   4500</leader>
    <controlfield tag="001">INLIS000000000000843</controlfield>
    <controlfield tag="005">20180724140403</controlfield>
    <controlfield tag="008">180724|||||||||   |   |||   |||| ||   | </controlfield>
    <datafield tag="035" ind1=" " ind2=" ">
      <subfield code="0">010-0718000843</subfield>
    </datafield>
    <datafield tag="041" ind1=" " ind2=" ">
      <subfield code="a">id</subfield>
    </datafield>
    <datafield tag="082" ind1=" " ind2=" ">
      <subfield code="a">058</subfield>
    </datafield>
    <datafield tag="090" ind1=" " ind2=" ">
      <subfield code="a">R 058 PIM I 2015</subfield>
    </datafield>
    <datafield tag="100" ind1=" " ind2=" ">
      <subfield code="a">Herlianto, Medi</subfield>
    </datafield>
    <datafield tag="245" ind1=" " ind2=" ">
      <subfield code="a">Percepatan Sinergitas Nasional Pengurangan Risiko Bencana Melalui "One Gate Planning Policy" Menuju Indonesia Tangguh Bencana</subfield>
    </datafield>
    <datafield tag="260" ind1=" " ind2=" ">
      <subfield code="a">Jakarta</subfield>
      <subfield code="b">LAN Jakarta</subfield>
      <subfield code="c">2015</subfield>
    </datafield>
    <datafield tag="300" ind1=" " ind2=" ">
      <subfield code="a">38 hlm, lamp.</subfield>
    </datafield>
    <datafield tag="500" ind1=" " ind2=" ">
      <subfield code="a">Dengan adanya percepatan Sinergitas Nasional dalam perencanaan PRB (Pengurangan Risiko Bencana) melalui Kebijakan Perencanaan Satu Pintu, maka diharapkan dapat mengoptimalkan peran pemerintah pusat dalam fasilitasi pencegahan dan kesiapsiagaan menghadapi bencana; mendorong sektor-sektor untuk ikut serta terlibat secara aktif dalam bidang pencegahan dan kesiapsiagaan bencana; mengoptimalkan peran infrastruktur organisasi BNPB dan BPBD dalam upaya pencegahan dan kesiapsiagaan bencana; memperjelas Batasan desentralisasi dalam penanggulangan bencana sehingga tidak ketergantungan terhadap pusat.</subfield>
    </datafield>
    <datafield tag="650" ind1=" " ind2=" ">
      <subfield code="a">Bencana</subfield>
    </datafield>
  </record>
</collection>
